000
00253nam a2200109Ia 4500
008
240719s9999 xx 000 0 und d
041
_a
eng
082
_a
823 GUL
100
_a
Gulzar Actually.
245
_a
I Met Them
260
_a
Gurgaon
_b
Penguin,
_c
2017
999
_c
41121
_d
41121